Spravodaj Mestského národného výboru v Rožňave

Bibliographic Details
Format: Journal
Language:Slovak
Published: Rožňava Mestský národný výbor 1976-1978
Subjects:

MARC

LEADER 00000cas a2200000 a 4500
001 vtls010480828
003 SK-MaSNL
005 20260228161211.0
008 130103c19761979xo mr|p 0 0slo
040 |a SNK  |b slo  |c SNK  |e AACR2 
041 0 |a slo 
043 |a e-xo--- 
044 |a xo  |c SK 
072 7 |a 352/354  |x Stupne miestnej, oblastnej a ústrednej správy  |2 konspekt 
080 |a (437.672.118.165)  |2 2011 
080 |a 353.9  |2 2011 
080 |a (051)+(054)  |2 2011 
245 0 0 |a Spravodaj Mestského národného výboru v Rožňave 
260 |a Rožňava  |b Mestský národný výbor  |c 1976-1978 
310 |a 6x ročne  |b 1979 
321 |a 4x ročne  |b 1976-1978 
362 0 |a Roč. 1, č. 1 (september 1976)-roč. 1, č. 6 (1979) 
650 0 7 |a územná samospráva  |2 SNKPH  |9 802 
651 7 |a Rožňava (Slovensko)  |2 SNKPHgeo  |9 17394 
655 7 |a miestne periodiká  |2 SNKPH  |9 160938 
910 |a snk 
999 |c 4652  |d 6582 
952 |0 0  |1 0  |4 0  |7 0  |a SNK  |b SNK  |d 2013-05-16  |i snkČSP 1386/77  |l 0  |o snkČSD 1057/1977 D1   |p 17A1021715  |r 2026-02-21 20:31:25  |t č. 1-4  |w 2026-02-21  |y PREZ 
952 |0 0  |1 0  |4 0  |7 0  |a SNK  |b SNK  |d 2013-01-03  |i snkČSP 1385/77  |l 0  |o snkČSD 1057/1977  |p 17A0821650  |r 2026-02-21 21:13:22  |t č. 1-4  |w 2026-02-21  |y PREZ  |z marec, máj, júl, september